College Quizbowl Stats
College Quizbowl Stats
Circuits
Seasons
Sets
Records
Detailed Stats
About
Loading...
Lower Mid-Atlantic
Tossups
Bonuses
Players
Teams
Categories (Tossup)
Categories (Bonus)
Koji Bilbao
Duke A
Categories
Category
Powers
Gets
Negs
BBs
Points
Earliest Buzz
Avg. Buzz
First Buzzes
Top 3 Buzzes
Mythology
0
1
0
0
10
99
99.00
0
1
Philosophy
0
1
0
0
10
55
55.00
0
1
Religion
0
1
0
0
10
138
138.00
0
1
Science - Physics
0
1
0
0
10
102
102.00
0
1
Science - Chemistry
0
0
0
0
0
0.00
0
0
Social Science
0
0
1
0
-5
0.00
0
0
Buzzes
Category
Answer
Value
Buzz Position
Philosophy
Japan
10
55
Social Science
fundamental attribution error
-5
89
Mythology
Philippines
10
99
Science - Physics
eddy currents
10
102
Science - Chemistry
voltammetry
0
122
Religion
sat
10
138
Previous
1
Next